| 000 | 00475nam a2200169Ia 4500 | ||
|---|---|---|---|
| 008 | 230917s9999||||xx |||||||||||||| ||und|| | ||
| 020 | _cEUR56.07 | ||
| 040 |
_e225938 _aMAIN |
||
| 041 | _aEnglish | ||
| 082 | _a338.4791 J416S | ||
| 100 | _aJenkins, Ian, ed. | ||
| 245 | 0 | _aSustainability in tourism : A multidisci plinary approach | |
| 260 |
_aWiesbaden _bSpringer _c2013 |
||
| 300 | _a227 p. | ||
| 500 | _a2025 05/03/2015 RBPPL 44370 12/03/2015 IHTM (SFS) | ||
| 942 | _cBK | ||
| 999 |
_c15090 _d15090 |
||